| 000 | 00700nam a2200229 a 4500 | ||
|---|---|---|---|
| 001 | 66651 | ||
| 003 | BD-RjUL | ||
| 005 | 20211209081550.0 | ||
| 008 | 170318s1703 ii a|||| |||| 00| 0 eng d | ||
| 020 | _a8173193460 | ||
| 035 | _a(BD-RjUL)66781 | ||
| 040 |
_aBD-RjUL _beng _cBD-RjUL _dBD-RjUL |
||
| 041 | _aeng | ||
| 082 |
_223 _a616.9041 _bMUL 2000 |
||
| 245 | 0 | 0 | _aMulti-drug resistance in emerging and re-emerging diseases / |
| 260 |
_aNew Delhi : _bIndian National Science Academy _c2000. |
||
| 300 |
_axi, 282 p. : _bill. ; _c23 cm. |
||
| 650 |
_aDrug resistance _vmicroorganisms _xCongresses. _9197323 |
||
| 700 |
_a Mahajan, R C _9197324 |
||
| 700 |
_aTherwath, Amu _9197325 |
||
| 942 |
_2ddc _cBK |
||
| 999 |
_c66651 _d66651 |
||